书目信息 |
| 题名: |
中文工具书基础
|
|
| 作者: | 朱天俊 , 李国新 编著 | |
| 分册: | ||
| 出版信息: | 北京 北京图书馆出版社 1998 |
|
| 页数: | 431页 | |
| 开本: | 21cm | |
| 丛书名: | ||
| 单 册: | ||
| 中图分类: | G252.7 | |
| 科图分类: | ||
| 主题词: | 图书馆学 , 图书馆事业 , 中文--工具书--教材 | |
| 电子资源: | ||
| ISBN: | 7-5013-1496-9 | |
| 000 | 00698nam0 2200253 45 | |
| 001 | 012000161985 | |
| 005 | 20070725110617.07 | |
| 010 | @a7-5013-1496-9@dCNY19.80 | |
| 100 | @a19981123d1998 em y0chiy0120 ea | |
| 101 | 0 | @achi |
| 102 | @aCN@b110000 | |
| 105 | @ay z 001yy | |
| 200 | 1 | @a中文工具书基础@Azhong wen gong ju shu ji chu@f朱天俊, 李国新编著 |
| 210 | @a北京@c北京图书馆出版社@d1998 | |
| 215 | @a431页@d21cm | |
| 320 | @a有索引 | |
| 606 | 0 | @a图书馆学 |
| 606 | 0 | @a图书馆事业 |
| 606 | 0 | @a中文--工具书@x教材 |
| 690 | @aG252.7@v3 | |
| 701 | 0 | @a朱天俊@Azhu tian jun@4编著 |
| 701 | 0 | @a李国新@Ali guo xin@4编著 |
| 801 | @aCN@bTSTC@c20070725 | |
| 905 | @b307688@dG252.7@e19@f1 | |
| 中文工具书基础/朱天俊, 李国新编著.-北京:北京图书馆出版社,1998 |
| 431页;21cm |
| ISBN 7-5013-1496-9:CNY19.80 |
| ● |
| 相关链接 |
|
|
|
|
正题名:中文工具书基础
索取号:G252.7/19
 
预约/预借
| 序号 | 登录号 | 条形码 | 馆藏地/架位号 | 状态 | 备注 |
| 1 | 0307688 | 203076884 | 第一样本阅览室/ [索取号:G252.7/19] | 在馆 | |
| 2 | 0784715 | 207847151 | 密集书库/ [索取号:G252.7/19] | 在馆 | |
| 3 | 0784716 | 207847160 | 密集书库/ [索取号:G252.7/19] | 在馆 | |
| 4 | 0785032 | 207850324 | 密集书库/ [索取号:G252.7/19] | 在馆 |